000
00322nam a2200133Ia 4500
005
20260326235448.0
008
260326s9999||||xx |||||||||||||| ||und||
100
_a
Byars, Mel
245
4
_a
The Design encyclopedia /
_c
Mel Byars
260
_b
Laurence King
300
_a
832 p.
650
_a
DISEÑO INDUSTRIAL
942
_c
BK
999
_c
7640
_d
7640